| 000 | 00730nam a2200241Ia 4500 | ||
|---|---|---|---|
| 003 | OSt | ||
| 005 | 20220926012333.0 | ||
| 006 | a|||||r|||| 00| 0 | ||
| 007 | ta | ||
| 008 | 220923b |||||||| |||| 00| 0 eng d | ||
| 020 | _a0521430895 | ||
| 037 | _cGeneral Book | ||
| 040 |
_aRTL _cRTL _beng |
||
| 041 |
_2eng _aeng |
||
| 082 | _aRxK94:g, N3 | ||
| 100 |
_aHutcheson Francis _9316207 |
||
| 245 | 0 |
_aOn human nature _b Reflections on our common system |
|
| 260 |
_aNew York _bCambridge University Press U. S. A. _c1993 |
||
| 300 |
_axiv, 194p. Bibliography p.169-90; Appendix p.148-68 _ccm. |
||
| 650 | _aPhilosophy | ||
| 942 |
_hRxK94:g, N3 _cGB _2CC |
||
| 999 |
_c622577 _d622577 |
||